<?xml version="1.0" encoding="UTF-8"?>
<record
    xmlns:xsi="http://www.w3.org/2001/XMLSchema-instance"
    xsi:schemaLocation="http://www.loc.gov/MARC21/slim http://www.loc.gov/standards/marcxml/schema/MARC21slim.xsd"
    xmlns="http://www.loc.gov/MARC21/slim">

  <leader>01477nam a2200301Ia 4500</leader>
  <datafield tag="999" ind1=" " ind2=" ">
    <subfield code="c">4248</subfield>
    <subfield code="d">4248</subfield>
  </datafield>
  <controlfield tag="003">OSt</controlfield>
  <controlfield tag="005">20200430143253.0</controlfield>
  <controlfield tag="008">191128s2012    ck     gr     000 0dspa d</controlfield>
  <datafield tag="020" ind1=" " ind2=" ">
    <subfield code="a">9789587584660</subfield>
  </datafield>
  <datafield tag="040" ind1=" " ind2=" ">
    <subfield code="a">CO-JMCR</subfield>
    <subfield code="c">CO-JMCR</subfield>
  </datafield>
  <datafield tag="041" ind1="0" ind2=" ">
    <subfield code="a">spa</subfield>
  </datafield>
  <datafield tag="082" ind1="0" ind2="4">
    <subfield code="a">305.5 / </subfield>
    <subfield code="b">S855p</subfield>
  </datafield>
  <datafield tag="100" ind1="1" ind2=" ">
    <subfield code="a">Stiglitz, Joseph E., </subfield>
    <subfield code="e">autor</subfield>
    <subfield code="9">3808</subfield>
  </datafield>
  <datafield tag="245" ind1="1" ind2="3">
    <subfield code="a">El precio de la desigualdad : </subfield>
    <subfield code="b">el 1% de la poblaci&#xF3;n tiene lo que el 99% necesita /</subfield>
    <subfield code="c">Joseph E. Stiglitz</subfield>
  </datafield>
  <datafield tag="250" ind1=" " ind2=" ">
    <subfield code="a">Primera edici&#xF3;n</subfield>
  </datafield>
  <datafield tag="260" ind1=" " ind2=" ">
    <subfield code="a">Bogot&#xE1; : </subfield>
    <subfield code="b">Taurus, </subfield>
    <subfield code="c">2012</subfield>
  </datafield>
  <datafield tag="300" ind1=" " ind2=" ">
    <subfield code="a">498 p&#xE1;ginas ; </subfield>
    <subfield code="c">23 cm.</subfield>
  </datafield>
  <datafield tag="490" ind1="0" ind2=" ">
    <subfield code="a">Pensamiento</subfield>
  </datafield>
  <datafield tag="500" ind1=" " ind2=" ">
    <subfield code="a">Incluye datos biograficos del autor en la solapa.</subfield>
  </datafield>
  <datafield tag="505" ind1=" " ind2=" ">
    <subfield code="a">El problema de Estados Unidos con el 1 por ciento -- La b&#xFA;squeda de rentas y la creaci&#xF3;n de una sociedad desigual -- Los mercados y la desigualdad -- Por qu&#xE9; es importante -- Una democracia en peligro -- 1984 est&#xE1; al caer -- &#xBF;Justicia para todos?</subfield>
  </datafield>
  <datafield tag="520" ind1=" " ind2=" ">
    <subfield code="a">El 1% de la poblaci&#xF3;n disfruta de las mejores viviendas, la mejor educaci&#xF3;n, los mejores m&#xE9;dicos y el mejor nivel de vida, pero hay una cosa que el dinero no puede comprar : la comprensi&#xF3;n de que su destino est&#xE1; ligado a c&#xF3;mo vive el otro 99%.</subfield>
  </datafield>
  <datafield tag="650" ind1="1" ind2="4">
    <subfield code="a">Igualdad </subfield>
    <subfield code="z">Estados Unidos</subfield>
    <subfield code="9">3809</subfield>
  </datafield>
  <datafield tag="650" ind1="2" ind2="4">
    <subfield code="a">Distribuci&#xF3;n del ingreso </subfield>
    <subfield code="9">3696</subfield>
  </datafield>
  <datafield tag="650" ind1="2" ind2="4">
    <subfield code="a">Aspectos sociales </subfield>
    <subfield code="z">Estados Unidos</subfield>
    <subfield code="9">3810</subfield>
  </datafield>
  <datafield tag="650" ind1="2" ind2="4">
    <subfield code="a">Democracia</subfield>
    <subfield code="z">Estados Unidos</subfield>
    <subfield code="9">3811</subfield>
  </datafield>
  <datafield tag="650" ind1="2" ind2="4">
    <subfield code="a">Condiciones socioecon&#xF3;micas</subfield>
    <subfield code="z">Estados Unidos</subfield>
    <subfield code="9">3812</subfield>
  </datafield>
  <datafield tag="942" ind1=" " ind2=" ">
    <subfield code="2">ddc</subfield>
    <subfield code="c">BK</subfield>
  </datafield>
  <datafield tag="952" ind1=" " ind2=" ">
    <subfield code="0">0</subfield>
    <subfield code="1">0</subfield>
    <subfield code="2">ddc</subfield>
    <subfield code="3">Donaci&#xF3;n--01/01/2017--</subfield>
    <subfield code="4">0</subfield>
    <subfield code="7">0</subfield>
    <subfield code="a">CPL</subfield>
    <subfield code="b">CPL</subfield>
    <subfield code="c">GEN</subfield>
    <subfield code="d">2019-11-28</subfield>
    <subfield code="e">Donaci&#xF3;n</subfield>
    <subfield code="g">0.00</subfield>
    <subfield code="l">2</subfield>
    <subfield code="m">2</subfield>
    <subfield code="o">305.5 / S855p </subfield>
    <subfield code="p">201809078</subfield>
    <subfield code="r">2025-04-10 08:29:01</subfield>
    <subfield code="s">2025-03-31</subfield>
    <subfield code="t">Ej.1</subfield>
    <subfield code="w">2019-11-28</subfield>
    <subfield code="y">BK</subfield>
  </datafield>
</record>
